| 000 | 01254cam a22003851i 4500 | ||
|---|---|---|---|
| 001 | 200468138 | ||
| 003 | TR-AnTOB | ||
| 005 | 20260416110235.0 | ||
| 007 | ta | ||
| 008 | 260416s1964 nyu 000 0 eng d | ||
| 010 | _a 63001173 | ||
| 035 | _a9849074 | ||
| 035 | _a(OCoLC)966556 | ||
| 040 |
_aDLC _beng _erda _cCtS _dFO _dDLC _dTR-AnTOB |
||
| 041 | 0 | _aeng | |
| 050 | 0 | 0 |
_aPS3048 _b.A1 1964 |
| 090 |
_aPS3048 _b.A1 1964 TıpFaK |
||
| 100 | 1 |
_aThoreau, Henry David, _d1817-1862 _eauthor _944703 |
|
| 245 | 1 | 0 |
_aWalden / _cby Henry D. Thoreau. |
| 264 | 1 |
_aNew York : _bHoughton Mifflin Company, _c1964. |
|
| 264 | 4 | _c©1964 | |
| 300 |
_axvi, 265 pages ; _c21 cm |
||
| 336 |
_atext _btxt _2rdacontent |
||
| 337 |
_aunmediated _bn _2rdamedia |
||
| 338 |
_avolume _bnc _2rdacarrier |
||
| 600 | 1 | 0 |
_aThoreau, Henry David, _d1817-1862 _xHomes and haunts _zMassachusetts _zWalden Woods. _995425 |
| 650 | 0 |
_aWilderness areas _zMassachusetts _zWalden Woods. _995426 |
|
| 650 | 0 |
_aNatural history _zMassachusetts _zWalden Woods. |
|
| 650 | 0 |
_aAuthors, American _y19th century _vBiography _935019 |
|
| 650 | 0 | _aSolitude. | |
| 651 | 0 |
_aWalden Woods (Mass.) _xSocial life and customs. |
|
| 942 |
_2lcc _cBK |
||
| 999 |
_c200468138 _d86350 |
||